00369nam a2200157Ia 4500001000500000005001700005008004100022041000800063082001600071100002600087245004000113260000900153300003300162650000800195654000800203211220260306143818.0260306t2002||||xx |||||||||||||| ||spa|| aESP a612.82bS84 aStuss, Donald T.eAUT 0aPrinciples of frontal lobe function c2002 axxi, 616 páginas :c26 cm. aGEN aCPS